| 000 | 01010cam a2200301I 4500 | ||
|---|---|---|---|
| 999 |
_c8046 _d8046 |
||
| 001 | 8046 | ||
| 003 | BD-JhCC | ||
| 005 | 20180217190144.0 | ||
| 008 | 770222s1961 ilu 001 0 eng | ||
| 020 | _a0809301997 | ||
| 029 | 1 |
_aUKM _bb6118595 |
|
| 035 | _aocm02753915 | ||
| 035 | _a(BD-JhCC)8046 | ||
| 040 |
_aDLC _cCSU _dOCL _dSER _dUKM _dBUF _dBD-JhCC |
||
| 041 | _aeng | ||
| 050 | 0 | 0 |
_aN66 _b.W32 |
| 082 | 0 |
_a701 _bWEI 1997 |
|
| 100 | 1 |
_aWeiss, Paul, _d1901-2002. |
|
| 245 | 1 | 0 | _aNine basic arts. |
| 260 |
_aCarbondale, _bSouthern Illinois University Press _c[1961] |
||
| 300 |
_a238 p. _c23 cm. |
||
| 505 | 0 | 0 |
_tThe realm of art: _tVarieties of extension -- _tA classification of the arts -- _tSome opinions on art -- _tNine arts: _tArchitecture -- _tSculpture -- _tPainting -- _tMusicry -- _tStory -- _tPoetry -- _tMusic -- _tThe theatre -- _tThe dance -- _tSome compound arts. |
| 650 | 0 |
_aArt _xPhilosophy. |
|
| 650 | 0 |
_aLiterature _xPhilosophy. |
|
| 650 | 0 | _aAesthetics. | |
| 942 |
_2ddc _cBK |
||